000 00343nam a2200133Ia 4500
008 240624s9999 xx 000 0 und d
041 _aeng
082 _a658.8 ICF
100 _aICFAI
245 _aSTRATEGIC MARKETING CONCEPTS AND CASES I
260 _c2003
_aHyderabad
_bICFAI press
300 _aviii, , 195 , 23 : p. : cm.
365 _cRS
_b50
999 _c6700
_d6700